Теоретическое и экспериментальное исследование влияния вибрации на точность гироскопических устройств; Влияние поступательных случайных колебаний основания на двухгироскопичный компас, построенный по принципу двухканальности: промежуточный отчет о НИР; тема: г/б

Bibliografiska uppgifter
Institutionell upphovsman: Томский политехнический институт (ТПИ) (595)
Övriga upphovsmän: Копытов В. И. Владимир Ильич (руководитель), Нестеренко Т. Г. Тамара Георгиевна (исполнитель)
Språk:ryska
Publicerad: Томск, 1983
Ämnen:
Materialtyp: Bok
KOHA link:https://koha.lib.tpu.ru/cgi-bin/koha/opac-detail.pl?biblionumber=157654

MARC

LEADER 00000nbm0a2200000 4500
001 157654
005 20231220125222.0
029 0 0 |a SU  |b 79035300  |f ТПУ 
035 |a (RuTPU)RU\TPU\book\171010 
090 |a 157654 
100 |a 20090410d1983 k y0rusy50 ca 
101 0 |a rus 
102 |a RU 
105 |a a p 001zy 
200 1 |a Теоретическое и экспериментальное исследование влияния вибрации на точность гироскопических устройств  |a Влияние поступательных случайных колебаний основания на двухгироскопичный компас, построенный по принципу двухканальности  |e промежуточный отчет о НИР  |e тема: г/б  |f Томский политехнический институт (ТПИ) ; руководитель В. и. Копытов ; Т. Г. Нестеренко 
210 |a Томск  |d 1983 
215 |a 28 л. 
320 |a Библиогр.: с. 27-28. 
610 1 |a отчеты о НИР 
610 1 |a двухгироскопические комплексы 
610 1 |a кинематические схемы 
610 1 |a случайная вибрация 
610 1 |a ошибки 
610 1 |a математическое ожидание 
610 1 |a дисперсия 
675 |a 531.383(04)  |v 3 
702 1 |a Копытов  |b В. И.  |c российский ученый, физик  |c заслуженный профессор Томского политехнического университета  |c профессор-консультант Томского политехнического университета, доктор технических наук  |f 1929-  |g Владимир Ильич  |3 (RuTPU)RU\TPU\pers\19805  |4 673 
702 1 |a Нестеренко  |b Т. Г.  |c специалист в области машиностроения  |c доцент Томского политехнического университета, кандидат технических наук  |f 1946-  |g Тамара Георгиевна  |3 (RuTPU)RU\TPU\pers\26585  |4 677  |9 12268 
712 0 2 |a Томский политехнический институт (ТПИ)  |c (1944-1991)  |3 (RuTPU)RU\TPU\col\1123  |4 595 
801 1 |a RU  |b 63413507  |c 20090410  |g PSBO 
801 2 |a RU  |b 63413507  |c 20160623  |g PSBO 
942 |c BK